000 00660nam a2200181Ia 4500
003 GCL
008 140319s9999 xx 000 0 ara d
040 _aGCL /
_cGCL
082 0 4 _a250
_bر ق
100 1 _aرابطة العالم الاسلامى
245 1 0 _aقرارت المجمع الفقهى الاسلامى لرابطة العالم الإسلامى /
_cرابطة العالم الاسلامى
250 _aالاولى
260 _aالرياض :
_bالامانة العامة - مكه المكرمة
300 _a136 ص ؛
_c24 سم
650 0 4 _aالشريعة الاسلامية
650 0 4 _aالفقه الاسلامى
942 _2ddc
_cBK
999 _c7087
_d7087